7 món nợ đời = Seven pounds
Câu chuyện xoanh quay nhân vật Ben (Will Smith) là một nhân viên của IRS (Cục Thuế Liên Bang) và anh đang thực hiện một chuyến hành trình kì lạ nhằm bù đắp những tấn bi kịch trong quá khứ của mình. Trên chặng đường đi, Ben đã lần lượt gặp gơ...
সংরক্ষণ করুন:
| বিন্যাস: | গ্রন্থ |
|---|---|
| ভাষা: | Undetermined |
| প্রকাশিত: |
Culver City, Calif.
Sony Pictures Home Entertainment
2009
|
| বিষয়গুলি: | |
| ট্যাগগুলো: |
ট্যাগ যুক্ত করুন
কোনো ট্যাগ নেই, প্রথমজন হিসাবে ট্যাগ করুন!
|
| Thư viện lưu trữ: | Trung tâm Học liệu Trường Đại học Cần Thơ |
|---|
| LEADER | 01405nam a2200217Ia 4500 | ||
|---|---|---|---|
| 001 | CTU_168689 | ||
| 008 | 210402s9999 xx 000 0 und d | ||
| 020 | |c 75000 | ||
| 082 | |a 791.43 | ||
| 082 | |b B112 | ||
| 245 | 0 | |a 7 món nợ đời = | |
| 245 | 0 | |b Seven pounds | |
| 245 | 0 | |c Will Smith ... [et al.] | |
| 260 | |a Culver City, Calif. | ||
| 260 | |b Sony Pictures Home Entertainment | ||
| 260 | |c 2009 | ||
| 520 | |a Câu chuyện xoanh quay nhân vật Ben (Will Smith) là một nhân viên của IRS (Cục Thuế Liên Bang) và anh đang thực hiện một chuyến hành trình kì lạ nhằm bù đắp những tấn bi kịch trong quá khứ của mình. Trên chặng đường đi, Ben đã lần lượt gặp gỡ 7 người lạ mặt, trong đó có Emily (Rosario Dawson) và vướng vào chuyện tình cảm cùng người phụ nữ này. Nhưng, đó lại chính là vật cản làm phức tạp hóa kế hoạch ban đầu của Ben... | ||
| 650 | |a Aerospace engineers,Cell phones and traffic accidents,Atonement,Kỹ sư hàng không vũ trụ,Tai nạn giao thông và điện thoại di động,Sự chuộc tội | ||
| 650 | |z United States,United States,Hoa Kỳ,Hoa Kỳ | ||
| 904 | |i Năm | ||
| 980 | |a Trung tâm Học liệu Trường Đại học Cần Thơ | ||